Talca desconocida: huellas de un patrimonio industrial olvidado placas metálicas urbanas

Uloženo v:
Podrobná bibliografie
Hlavní autoři: Morales Yamal, Alejandro (autor), Sánchez Andaur, Raúl (Autor), Simón Ruiz, Inmaculada (Autor)
Médium: Kniha
Jazyk:španělština
Vydáno: Talca Ediciones Municipales Talca 2014
Vydání:1a. ed
Témata:
Tagy: Přidat tag
Žádné tagy, Buďte první, kdo vytvoří štítek k tomuto záznamu!

MARC

LEADER 00000cam a2200000 a 4500
001 UCE4953
003 CL-VaPUC
008 141120e20140000cl |||||||||||||||||spa|d
082 0 4 |a 983.35  |b MOR  |2 21 
100 |a Morales Yamal, Alejandro  |e autor  |9 577428 
700 0 |a Sánchez Andaur, Raúl  |e author  |9 577429 
700 0 |a Simón Ruiz, Inmaculada  |e author  |9 577430 
245 1 0 |a Talca desconocida: huellas de un patrimonio industrial olvidado placas metálicas urbanas 
250 |a 1a. ed 
300 |a 41 p 
942 |c BK 
945 |d 20141120 11:52:00  |a arojas 
260 |a Talca  |b Ediciones Municipales Talca  |c 2014 
650 0 |a Patrimonio cultural  |9 309364 
650 0 |a Patrimonio industrial  |9 517769 
650 0 |a Arqueología urbana  |9 439943 
650 0 |a Historia de Chile  |9 265473 
651 0 |a Talca  |9 265150 
583 |a last modification  |c 20141120 11:52:00  |k Rodrigo Vera 
999 |c 357808  |d 357806 
952 |0 0  |1 0  |3 erb  |4 0  |6 983_350000000000000_MOR_2014  |7 0  |8 X  |9 465900  |a FDOBUD  |b FDOBUD  |i 5125278  |o 983.35 MOR 2014  |p 5125278  |r 2019-11-23  |w 2019-11-23  |y BK_X  |z Catalogado en:20141120  |k BUD